Statistiques concernant États américains avec S dans leur nom

Cliquez ici pour prendre le quiz!

Statistiques générales

  • Ce quiz a été pris 51 fois
  • Le résultat moyen est 14 sur 21

Statistiques - réponses

# de SRéponse% Correct
1Washington
92%
4Mississippi
87%
2Arkansas
85%
1Alaska
82%
1Texas
82%
2Kansas
79%
2Missouri
77%
1New Jersey
72%
1New Hampshire
69%
2Wisconsin
69%
4Massachusetts
67%
2Tennessee
67%
1South Dakota
64%
1Illinois
62%
1Minnesota
62%
1Nebraska
62%
1Louisiana
56%
1South Carolina
56%
1Rhode Island
49%
1Pennsylvania
46%
1West Virginia
38%

Distribution des résultats

Percentile par nombre de réponses

% des personnes avec chaque résultat

Votre développement - résultats

Vous n’avez pas pris ce quiz